000 00589nam a2200193 i 4500
001 bgj
100 1 _aMURPHY, Raymond
245 1 0 _aEnglish grammar in use :
_ba self-study reference and practice book for intermediate students : with answers /
_cRaymond Murphy.
250 _a[19th print.].
260 _aCambridge :
_bCambridge University Press,
_c1993.
300 _aVIII, 328 pp :
_bill. ;
_c25 cm.
505 _aIncludes index.
020 _a0521287235
040 _cBPK
041 0 _aeng
920 _a0-521-28723-5
942 _cKS
008 s uk f |000 0 eng
999 _c47361
_d47361
856 _uhttp://koha.tu.koszalin.pl/cgi-bin/koha/opac-detail.pl?biblionumber=47361
_yKatalog online BPK